Los límites del proyecto imperial: Estados Unidos y el orden internacional en el siglo XXI
Guardat en:
| Autors principals: | , |
|---|---|
| Format: | Llibre |
| Idioma: | espanyol |
| Publicat: |
Madrid
Catarata
2008
|
| Matèries: | |
| Etiquetes: |
Afegir etiqueta
Sense etiquetes, Sigues el primer a etiquetar aquest registre!
|
MARC
| LEADER | 00000nam a2200000 a 4500 | ||
|---|---|---|---|
| 001 | UCH5676 | ||
| 003 | CL-VaPUC | ||
| 008 | 091015e20080000SP |||||||||||||||||spa|d | ||
| 020 | |a 9788483193570 | ||
| 082 | 0 | 4 | |a 327.973 |b GAR |2 21 |
| 100 | 0 | |a García Segura, Caterina |e author |9 541991 | |
| 700 | 0 | |a Rodrigo Hernández, Angel J |e author |9 541992 | |
| 245 | 1 | 4 | |a Los límites del proyecto imperial: Estados Unidos y el orden internacional en el siglo XXI |
| 300 | |a 179 p | ||
| 942 | |c BK | ||
| 945 | |d 20091015 00:00:00 |a rbrito | ||
| 260 | |a Madrid |b Catarata |c 2008 | ||
| 650 | 0 | |a Relaciones Internacionales |9 255740 | |
| 650 | 0 | |a Política exterior |9 316628 | |
| 650 | 0 | |a Derecho internacional |9 255637 | |
| 651 | 0 | |a Estados Unidos |9 255178 | |
| 583 | |a last modification |c 20091015 00:00:00 |k Rodrigo Vera | ||
| 999 | |c 336778 |d 336776 | ||
| 952 | |0 0 |1 0 |4 0 |6 327_973000000000000_GAR_2008 |7 0 |8 A |9 428705 |a BIBHIS |b BIBHIS |d 2019-11-22 |i 4606922 |o 327.973 GAR 2008 |p 4606922 |r 2025-01-20 |w 2019-11-22 |y BK |k HIS | ||